[Event "Challenge"]
[Site "http://www.queenalice.com/game.php?id=325489"]
[Date "2007.12.25"]
[Round "-"]
[White "GSR"]
[Black "Spock"]
[Result "0-1"]
[WhiteElo "1113"]
[BlackElo "1653"]

1. e4 c5 2. b3 Nf6 3. Qf3 e5 4. d3 d5 5. Na3 Bg4 6. Qg3 Nc6 7. exd5 Qxd5 8. Nb5
O-O-O 9. c4 Qe6 10. h3 Bf5 11. a3 Nd4 12. Bb2 a6 13. Nxd4 exd4+ 14. Kd1 Bd6 15.
Qxg7 Rhe8 16. Ne2 Bxd3 17. Nf4 Qe1# 0-1

[Event "Let's Play Chess!"]
[Site "http://www.queenalice.com/game.php?id=325581"]
[Date "2007.12.25"]
[Round "-"]
[White "CampbellMarcel"]
[Black "Spock"]
[Result "0-1"]
[WhiteElo "1855"]
[BlackElo "1655"]

1. e4 c5 2. Nf3 Nf6 3. e5 Nd5 4. c4 Nb6 5. d4 e6 6. Bg5 Be7 7. Be3 Na6 8. b3 d5
9. Nbd2 h6 10. Bd3 Bg5 11. Bxg5 hxg5 12. O-O g4 13. dxc5 Nxc5 14. Ne1 Qh4 15.
Ndf3 gxf3 16. Nxf3 Qh6 17. h3 Nxd3 18. Qxd3 dxc4 19. bxc4 Bd7 20. c5 Na4 21.
Rfd1 Nxc5 22. Qd6 b6 23. a4 Rd8 24. a5 Ne4 25. Qc7 Ng5 26. axb6 Nxf3+ 27. gxf3
Qxh3 28. Qxd7+ Rxd7 29. Rxd7 Qh1# 0-1

[Event "Let's Play Chess!"]
[Site "http://www.queenalice.com/game.php?id=325583"]
[Date "2007.12.25"]
[Round "-"]
[White "Spock"]
[Black "CampbellMarcel"]
[Result "0-1"]
[WhiteElo "1697"]
[BlackElo "1807"]

1. d4 Nc6 2. d5 Ne5 3. Bf4 Ng6 4. e3 e6 5. dxe6 fxe6 6. Nf3 Nxf4 7. exf4 Nf6 8.
Nc3 Bb4 9. a3 Bxc3+ 10. bxc3 Nd5 11. Ne5 O-O 12. g3 d6 13. Nf3 Nxc3 14. Qd3 Nd5
15. c4 Nf6 16. Bh3 e5 17. Bxc8 Qxc8 18. fxe5 dxe5 19. Nxe5 Re8 20. f4 Qh3 21.
Rd1 Ng4 22. Qd5+ Kh8 23. Kd2 Nxe5 24. Kc3 Nc6 25. Rd3 Rad8 26. Re1 Qc8 27. Rxe8+
Rxe8 28. f5 Rd8 29. Qe6 Rxd3+ 30. Kxd3 Qxe6 31. fxe6 Kg8 32. Ke4 g6 33. h4 Kf8
34. g4 Ke7 35. Kd5 Nd8 36. h5 Nxe6 37. Ke5 gxh5 38. gxh5 Kf7 39. Kf5 Nd4+ 40.
Ke5 Nf3+ 41. Kf5 Kg7 42. Kg4 Ne5+ 0-1

[Event "Let's Play Chess!"]
[Site "http://www.queenalice.com/game.php?id=331107"]
[Date "2008.1.5"]
[Round "-"]
[White "capabllanca"]
[Black "Spock"]
[Result "1-0"]
[WhiteElo "1964"]
[BlackElo "1657"]

1. c4 e6 2. Nc3 d5 3. d4 c5 4. Nf3 Nc6 5. e3 Nf6 6. Bd3 cxd4 7. exd4 Bd6 8. O-O
e5 9. Re1 Bc7 10. dxe5 Ne4 11. Nxd5 Nc5 12. Bc2 O-O 13. b4 Ne6 14. Qd3 g6 15.
Nf6+ Kh8 16. Qe3 Nxe5 17. Nxe5 Qxf6 18. Bb2 Kg8 19. Qh6 Qg5 20. Ng4 f6 21. Rxe6
Qxg4 22. Re7 Rf7 23. Re8+ Rf8 24. Rxf8# 1-0

[Event "Let's Play Chess!"]
[Site "http://www.queenalice.com/game.php?id=351249"]
[Date "2008.2.9"]
[Round "-"]
[White "Spock"]
[Black "Mutreta"]
[Result "1-0"]
[WhiteElo "1727"]
[BlackElo "1550"]

1. e4 e5 2. d4 exd4 3. Qxd4 Nc6 4. Qe3 Nf6 5. e5 Nd5 6. Qe4 Nde7 7. Bg5 g6 8.
Nc3 Bg7 9. Nd5 O-O 10. Bb5 Qe8 11. Bxc6 dxc6 12. Nxe7+ Kh8 13. Nxc8 Rxc8 14.
O-O-O Qxe5 15. Qxe5 Bxe5 16. Nf3 Bg7 17. Be7 Rfe8 18. Rhe1 h6 19. h4 Kh7 20. g4
a5 21. g5 h5 22. Rd3 b6 23. Rde3 c5 24. Bf6 Rxe3 25. Rxe3 c6 26. Bxg7 Kxg7 27.
Re7 b5 28. Ne5 c4 29. Rxf7+ Kg8 30. Ra7 a4 31. Nxg6 Re8 32. Ne7+ Kg7 33. Nxc6+
Kg6 34. b3 cxb3 35. axb3 axb3 36. cxb3 Re4 37. Kd2 Rxh4 38. Ra5 Kxg5 39. Rxb5+
Kg4 40. Rb4+ Kg5 41. Rxh4 Kxh4 42. Ne5 Kg5 43. Nf3+ Kg4 44. Ke3 h4 45. Nxh4 Kxh4
46. b4 1-0

[Event "Let's Play Chess!"]
[Site "http://www.queenalice.com/game.php?id=351250"]
[Date "2008.2.9"]
[Round "-"]
[White "Mutreta"]
[Black "Spock"]
[Result "0-1"]
[WhiteElo "1478"]
[BlackElo "1699"]

1. e4 c5 2. Nf3 d6 3. d4 Nc6 4. dxc5 dxc5 5. Bc4 Qxd1+ 6. Kxd1 Bg4 7. Be2 O-O-O+
8. Nbd2 Bxf3 9. Bxf3 Nf6 10. b3 Ne5 11. Bb2 Nxf3 12. Bc3 Nxd2 13. Bxd2 Nxe4 14.
Rf1 Nxd2 15. Rg1 Nxb3+ 16. Ke2 Nxa1 17. Rxa1 e5 18. f3 g5 19. g4 c4 20. c3 b5
21. Rb1 a6 22. h3 Rd5 23. Ke3 a5 24. a3 Bxa3 25. Ke4 Rhd8 26. Kf5 b4 27. cxb4
axb4 28. Kxg5 e4+ 29. Kf4 exf3 30. Kxf3 Rd3+ 31. Kf4 R8d4+ 32. Ke5 b3 33. Rf1 b2
34. Rxf7 b1=Q 35. Rf8+ Bxf8 0-1

[Event "Let's Play Chess!"]
[Site "http://www.queenalice.com/game.php?id=351254"]
[Date "2008.2.9"]
[Round "-"]
[White "Spock"]
[Black "sioux"]
[Result "1-0"]
[WhiteElo "1685"]
[BlackElo "1644"]

1. d4 d5 2. Nc3 e6 3. e4 Nf6 4. e5 Nfd7 5. Nh3 Bb4 6. Bg5 Be7 7. f4 O-O 8. Bxe7
Qxe7 9. Bd3 Nc6 10. Bb5 Qb4 11. Bxc6 bxc6 12. O-O Qxb2 13. Na4 Qb4 14. c3 Qb8
15. Rb1 Nb6 16. Qc2 Ba6 17. Ng5 Bxf1 18. Qxh7# 1-0

[Event "Let's Play Chess!"]
[Site "http://www.queenalice.com/game.php?id=351255"]
[Date "2008.2.9"]
[Round "-"]
[White "JhonDie"]
[Black "Spock"]
[Result "1-0"]
[WhiteElo "1816"]
[BlackElo "1736"]

1. Nf3 d5 2. e3 e5 3. Nxe5 Nh6 4. d4 Be7 5. Bb5+ Bd7 6. Qe2 a6 7. Nxd7 Nxd7 8.
e4 axb5 9. Qxb5 dxe4 10. Bxh6 gxh6 11. Qxb7 Nf6 12. Qc6+ Kf8 13. Nd2 Ra5 14. c3
Qd6 15. Qb7 Ng4 16. Qc8+ Bd8 17. Qxg4 Rg8 18. Qh3 Rag5 19. g3 Qd5 20. Qxh6+ R8g7
21. O-O Rh5 22. Qe3 Bg5 23. Qxe4 Bxd2 24. Qxd5 Rxd5 25. a4 h5 26. h4 f5 27. Kh1
Ke7 28. a5 Rg8 29. a6 Ra8 30. Rfd1 Bh6 31. c4 Rd6 32. a7 f4 33. d5 fxg3 34. fxg3
c6 35. Re1+ Kd7 36. dxc6+ Rxc6 37. Ra4 Rc7 38. Rea1 Be3 39. b3 Rcxa7 40. Rxa7+
Bxa7 41. c5 Kc6 42. Ra5 Kb7 43. b4 Rc8 44. Kg2 Bb8 45. c6+ Rxc6 46. Rxh5 Rb6 47.
g4 Rxb4 48. g5 Rg4+ 49. Kf3 Rf4+ 50. Ke3 Rf5 51. Ke4 Rf4+ 52. Kd5 Kb6 53. g6 Rf6
54. g7 Rd6+ 55. Ke4 Re6+ 56. Kf5 Re5+ 57. Kg6 Re6+ 58. Kf7 1-0

[Event "Let's Play Chess!"]
[Site "http://www.queenalice.com/game.php?id=351257"]
[Date "2008.2.9"]
[Round "-"]
[White "Spock"]
[Black "CJ"]
[Result "0-1"]
[WhiteElo "1723"]
[BlackElo "1574"]

1. e4 e5 2. Nf3 f6 3. d4 Nc6 4. dxe5 fxe5 5. Bg5 Be7 6. Bxe7 Qxe7 7. Nc3 Nf6 8.
Nd5 Nxd5 9. exd5 Nd4 10. c3 Nf5 11. g4 O-O 12. gxf5 Rxf5 13. Bc4 d6 14. Bd3 e4
15. Qe2 Rxf3 16. Qxe4 Kf8 17. O-O-O Qxe4 18. Bxe4 Rxf2 19. Bxh7 Bg4 20. Rhf1
Rxf1 21. Rxf1+ Ke7 22. Rg1 Rh8 23. Rxg4 Rxh7 24. h4 Kf6 25. Kd2 Kf5 26. Rd4 Ke5
27. Ke3 c5 28. Re4+ Kxd5 29. b4 b6 30. c4+ Kc6 31. b5+ Kd7 32. Kf3 g5 33. Kg3
Rxh4 34. Rg4 Ke6 35. Rxg5 Rxc4 36. Kf3 Rc3+ 37. Ke4 Rc4+ 38. Kd3 Rd4+ 39. Ke3
Kf6 40. Rg8 Ra4 41. Rd8 Ke5 42. Re8+ Kd5 43. Kd3 Rxa2 44. Kc3 Ra3+ 45. Kb2 Ra5
0-1

[Event "Challenge"]
[Site "http://www.queenalice.com/game.php?id=355319"]
[Date "2008.2.16"]
[Round "-"]
[White "Spock"]
[Black "Gera"]
[Result "1-0"]
[WhiteElo "1706"]
[BlackElo "1822"]

1. e4 d5 2. exd5 Qxd5 3. Nc3 Qd8 4. d4 e6 5. d5 Bb4 6. Bd2 Nf6 7. Bb5+ Nbd7 8.
Qe2 O-O 9. dxe6 Re8 10. Bc4 Kh8 11. O-O-O c6 12. a3 Bxc3 13. Bxc3 Qc7 14. exd7
Rxe2 15. dxc8=Q+ Rxc8 16. Nxe2 b5 17. Bb3 a5 18. Nd4 Ne4 19. Rde1 Nxc3 20. bxc3
b4 21. Nf3 bxa3 22. Re4 Qb6 23. Rhe1 g6 24. Ng5 Qxf2 25. Nxf7+ Kg7 26. Re7 Kf6
27. R1e6+ Kf5 28. Nd6+ Kg4 29. Nxc8 Qxg2 30. Re4+ Kg5 31. R7e5+ Kh6 32. Rh4+ Kg7
33. Re7+ Kf6 34. Rf4+ Kg5 35. Ree4 Kh6 36. Ne7 g5 37. Ng8+ Kg7 38. Re7+ Kh8 39.
Rf8 Qg1+ 40. Kd2 Qxh2+ 41. Kd3 Qg3+ 42. Kd4 Qg1+ 43. Ke5 Qg3+ 44. Ke6 Qe3+ 45.
Kd7 Qh3+ 46. Be6 1-0

[Event "CFC 2nd Annual"]
[Site "http://www.queenalice.com/game.php?id=376658"]
[Date "2008.3.25"]
[Round "4"]
[White "ThetrueElrohir"]
[Black "Spock"]
[Result "0-1"]
[WhiteElo "1458"]
[BlackElo "1701"]

1. e4 c5 2. d4 e6 3. Be3 cxd4 4. Bxd4 d5 5. exd5 exd5 6. Nf3 Nc6 7. Bb5 Qe7+ 8.
Be3 Bd7 9. O-O Ne5 10. Nxe5 Bxb5 11. Nd3 Nh6 12. Bf4 Qf6 13. Nc3 Bxd3 14. cxd3
Qxf4 15. Nxd5 Qd6 16. Qf3 Rd8 17. Nf4 Qf6 18. Rfe1+ Be7 19. Nd5 Qxf3 20. Rxe7+
Kf8 21. gxf3 Rxd5 22. Rae1 g6 23. Rxb7 Rxd3 24. Kg2 a5 25. Re4 Nf5 26. Ra7 Rd2
27. Rxa5 Rxb2 28. Ra6 Kg7 29. a4 Rd8 30. Re1 Rd3 31. Rc6 Nh4+ 32. Kg3 Nxf3 33.
Re3 Rxe3 34. fxe3 Nxh2 35. a5 Nf1+ 36. Kf4 Rf2+ 37. Ke4 f5+ 38. Kd4 Rd2+ 39. Kc3
Rd1 40. Kc2 Nxe3+ 41. Kb2 Rd4 42. a6 f4 43. a7 Rd8 44. Rc7+ Kh6 45. Rb7 Ra8 46.
Kc3 f3 47. Rb8 Rxa7 0-1

[Event "#"]
[Site "http://www.queenalice.com/game.php?id=419740"]
[Date "2008.6.19"]
[Round "-"]
[White "The_Lenda"]
[Black "Spock"]
[Result "1-0"]
[WhiteElo "1751"]
[BlackElo "1707"]

1. c4 e6 2. Nf3 d5 3. c5 Bxc5 4. d4 Bb4+ 5. Nfd2 Nc6 6. e3 a6 7. Bd3 e5 8. a3
Bxd2+ 9. Bxd2 exd4 10. exd4 Qe7+ 11. Be3 Nf6 12. O-O O-O 13. Re1 Qd6 14. f3 Re8
15. Nc3 b5 16. Qd2 b4 17. Bf4 bxc3 18. Rxe8+ Nxe8 19. bxc3 Qf6 20. Re1 Bf5 21.
Qe3 h6 22. Bxf5 Qxf5 23. g4 Qg6 24. h3 Nf6 25. Be5 1-0

[Event "Peão Bala !!"]
[Site "http://www.queenalice.com/game.php?id=419820"]
[Date "2008.6.19"]
[Round "-"]
[White "LemonjeSPFC"]
[Black "Spock"]
[Result "0-1"]
[WhiteElo "1837"]
[BlackElo "1701"]

1. d4 d5 2. c4 e6 3. Nc3 Nf6 4. Bg5 dxc4 5. e3 Be7 6. Bxc4 Nd5 7. Bxe7 Nxe7 8.
Nf3 O-O 9. O-O Na6 10. Bxa6 bxa6 11. Ne5 f6 12. Nf3 Rb8 13. Rb1 Ng6 14. Na4 e5
15. Nc5 Qd5 16. b3 e4 17. Nd2 f5 18. Qe2 Rb6 19. Nc4 Rbf6 20. Rbc1 f4 21. Rcd1
f3 22. Qd2 fxg2 23. Kxg2 Nh4+ 24. Kg3 Qg5# 0-1

[Event "Peão Bala !!"]
[Site "http://www.queenalice.com/game.php?id=419822"]
[Date "2008.6.19"]
[Round "-"]
[White "Spock"]
[Black "LemonjeSPFC"]
[Result "1/2-1/2"]
[WhiteElo "1716"]
[BlackElo "1824"]

1. e4 e5 2. Nf3 Nc6 3. d4 d6 4. Nc3 Bg4 5. h3 Bh5 6. g4 Bg6 7. Bb5 a6 8. Bxc6+
bxc6 9. dxe5 dxe5 10. Qxd8+ Rxd8 11. Nxe5 Bb4 12. Bd2 Bxc3 13. Bxc3 Nf6 14. Nxc6
Bxe4 15. Nxd8 Bxh1 16. O-O-O Be4 17. Bb4 Bd5 18. c4 Ba8 19. c5 Nd5 20. Bc3 Kxd8
21. Bxg7 Re8 22. f4 Kc8 23. f5 Nf4 24. h4 Rg8 25. f6 Bf3 26. Rf1 Ne2+ 27. Kd2
Bxg4 28. b4 Nd4 29. Rf4 Be6 30. Rxd4 Bxa2 31. c6 Rd8 32. Kc3 Rxd4 33. Kxd4 Kb8
34. Kc5 Ka7 35. Bh6 Kb8 36. b5 axb5 37. Kxb5 Bd5 38. Kc5 Be4 39. Bf4 Kc8 40. Kb5
Kb8 41. Kc5 1/2-1/2

[Event "Let's Play Chess!"]
[Site "http://www.queenalice.com/game.php?id=443982"]
[Date "2008.8.5"]
[Round "-"]
[White "Spock"]
[Black "CampbellMarcel"]
[Result "1-0"]
[WhiteElo "1711"]
[BlackElo "1825"]

1. e4 e5 2. Nf3 d6 3. d4 Qe7 4. d5 Nf6 5. Na3 a6 6. Bg5 h6 7. Bxf6 Qxf6 8. Be2
Nd7 9. b4 b5 10. c4 bxc4 11. Nxc4 g5 12. h3 Nb6 13. Nfd2 Nxc4 14. Nxc4 Bg7 15.
Ne3 O-O 16. Rc1 Qe7 17. a4 f5 18. exf5 Bxf5 19. Nxf5 Rxf5 20. Bg4 Rf4 21. b5 Rd4
22. Qc2 axb5 23. axb5 Ra7 24. O-O Rxd5 25. Qc4 c6 26. Rc2 Kh7 27. Qxc6 Rc5 28.
Rxc5 dxc5 29. Bf5+ Kh8 30. Qc8+ Bf8 31. b6 Rb7 32. Rb1 Kg7 33. Be4 Rd7 34. b7
Rc7 35. Qxc7 Qxc7 36. b8=Q Qa5 37. Rb7+ 1-0

[Event "Let's Play Chess!"]
[Site "http://www.queenalice.com/game.php?id=443984"]
[Date "2008.8.5"]
[Round "-"]
[White "Viper3910"]
[Black "Spock"]
[Result "1-0"]
[WhiteElo "1886"]
[BlackElo "1720"]

1. e4 c5 2. Bc4 e6 3. d4 Qa5+ 4. Nc3 cxd4 5. Qxd4 Nc6 6. Qd1 Bb4 7. Qd2 Ne5 8.
Bb3 Nf6 9. Nge2 Nxe4 10. Qd4 Nxc3 11. bxc3 Be7 12. O-O Nc6 13. Qxg7 Qe5 14. Qxe5
Nxe5 15. Bb2 Rg8 16. g3 a5 17. Ba4 Nc4 18. Bc1 e5 19. Bb5 Na3 20. Bxa3 Bxa3 21.
Rfe1 Kf8 22. Rad1 f5 23. Bxd7 Bxd7 24. Rxd7 Ra7 25. Rxh7 f4 26. Kg2 Bc5 27. Rc7
Bd6 28. Rc8+ Kf7 29. Rxg8 Kxg8 30. g4 b5 31. Rd1 Ra6 32. f3 Kf7 33. h4 Be7 34.
g5 Kg6 35. Rd5 Rd6 36. Rxe5 Bd8 37. Nxf4+ Kf7 38. Rxb5 Rd2+ 39. Kg3 Rxc2 40. g6+
Kf6 41. Rd5 Bc7 42. Kg4 Rg2+ 43. Nxg2 1-0

[Event "Let's Play Chess!"]
[Site "http://www.queenalice.com/game.php?id=499223"]
[Date "2008.11.27"]
[Round "-"]
[White "dladuke7"]
[Black "Spock"]
[Result "0-1"]
[WhiteElo "1526"]
[BlackElo "1732"]

1. e4 c5 2. e5 e6 3. Bb5 a6 4. Bc4 Nc6 5. Nf3 b5 6. Bd3 Bb7 7. O-O f6 8. exf6
Qxf6 9. Nc3 Nb4 10. Ne4 Bxe4 11. Bxe4 d5 12. Bd3 c4 13. c3 Nxd3 14. Qe2 Bd6 15.
b3 Nh6 16. Nd4 Nf4 17. Qf3 O-O 18. b4 Nf5 19. Nxf5 Qxf5 20. d3 Nxd3 21. Qxf5
Rxf5 22. f3 Rh5 23. a3 Bxh2+ 24. Kh1 Bf4+ 25. Kg1 Nxc1 26. Re1 Re8 27. Kf2 Nd3+
0-1

[Event "Let's Play Chess!"]
[Site "http://www.queenalice.com/game.php?id=499224"]
[Date "2008.11.27"]
[Round "-"]
[White "Spock"]
[Black "dladuke7"]
[Result "0-1"]
[WhiteElo "1740"]
[BlackElo "1502"]

1. d4 d5 2. Nc3 Nf6 3. g3 Bg4 4. Bh3 Bxh3 5. Nxh3 h6 6. Nf4 e6 7. Qd3 Bb4 8. a3
Bxc3+ 9. Qxc3 Ne4 10. Qb3 b6 11. f3 g5 12. fxe4 gxf4 13. Bxf4 Nc6 14. Qb5 Qd7
15. Qd3 O-O-O 16. O-O-O dxe4 17. Qxe4 f5 18. Qe3 Qd5 19. Be5 Nxe5 20. dxe5 Qa2
21. c3 Qb3 22. h4 h5 23. Rd3 Rxd3 24. exd3 Qa2 25. Kc2 Rd8 26. Rd1 c5 27. Qh6
Qd5 28. Qf4 a5 29. c4 Qc6 0-1